00461nam a2200181 a 4500001001300000003000900013005001700022008004100039020000900080082001300089100001600102245004300118260005200161300000900213500003500222505001000257650001200267nice12345678IN_TiNIC20260116014442.0050524s1992 pata grp 000 0 eng  ac5000a823bAMI aAmir, Hamza aDastan-E-Amir Hamza, an Oriental Novel aPatnabKhuda Bakhsh Oriental Pub. Libraryc1992 a180p aincludes index and biblioraphy2 aNotes aFiction